| 000 | 005330000a22001810004500 | ||
|---|---|---|---|
| 003 | MACL | ||
| 005 | 20160402110902.0 | ||
| 008 | 160402b xxu||||| |||| 00| 0 eng d | ||
| 040 |
_aMACL _cMACL |
||
| 041 | _aHindi | ||
| 082 | _a370 | ||
| 100 |
_aकुमार मनीष _949881 |
||
| 245 |
_aकैरियर _bएक मार्ग-दर्शन |
||
| 260 |
_bकविता बुक सेंटर _c2008 _aनई दिल्ली |
||
| 350 | _a200 | ||
| 650 |
_aEducation _949882 |
||
| 942 |
_cHIN _k370 _2ddc |
||
| 999 |
_c22115 _d22115 |
||